[Event "Jose Marti Memorial"]
[Site "Las Tunas"]
[Date "2003.02.02"]
[Round "8"]
[White "Perez, Isael"]
[Black "Leyva Rivera, Yunier"]
[Result "1/2-1/2"]
[WhiteElo "2238"]
[BlackElo "2288"]
[PlyCount "198"]
[EventDate "2003.01.25"]
[EventType "tourn"]
[EventRounds "9"]
[EventCountry "CUB"]
[EventCategory "1"]
[SourceTitle "CBM 092 Extra"]
[Source "ChessBase"]
[SourceDate "2003.03.07"]
[SourceVersion "1"]
[SourceVersionDate "2003.03.07"]
[SourceQuality "1"]

1. d4 Nf6 2. Nf3 g6 3. Bg5 Bg7 4. Nbd2 d5 5. e3 0-0 6. Be2 Nbd7 7. 0-0 c5 8. c3 Re8 9. Re1 e5 10. dxe5 Nxe5 11. Nxe5 Rxe5 12. Bf4 Re7 13. Bf3 Be6 14. Rc1 Rd7 15. Be5 Qe7 16. Qe2 Rad8 17. a3 Bf5 18. Bf4 Ne4 19. Rcd1 h5 20. h3 a6 21. g4 Nxd2 22. Rxd2 hxg4 23. hxg4 Be6 24. Red1 d4 25. exd4 cxd4 26. cxd4 Bxd4 27. Be3 Bb3 28. Re1 Bxe3 29. Rxd7 Bxf2+ 30. Qxf2 Qxd7 31. Qb6 Qd4+ 32. Qxd4 Rxd4 33. Kf2 b6 34. Ke3 Rd6 35. Rc1 g5 36. Rc7 Kg7 37. Rb7 Kf6 38. Rb8 a5 39. Rb7 Ke5 40. Re7+ Be6 41. Rb7 f5 42. gxf5 Bxf5 43. Be2 Rh6 44. Re7+ Kf6 45. Rb7 Rh3+ 46. Kd2 Rb3 47. Kc1 g4 48. Bc4 g3 49. Rf7+ Kg6 50. Rf8 Rf3 51. Bd5 Rf2 52. Rg8+ Kf6 53. Rxg3 Rc2+ 54. Kd1 Rxb2 55. Re3 b5 56. Bg8 b4 57. axb4 axb4 58. Bd5 Kg5 59. Kc1 Rc2+ 60. Kd1 Rc5 61. Bb3 Kf4 62. Re1 Rc3 63. Bf7 b3 64. Bxb3 Rxb3 65. Kd2 Be4 66. Rf1+ Ke5 67. Ra1 Rb2+ 68. Kc3 Rc2+ 69. Kb3 Rc8 70. Kb2 Kd4 71. Ra4+ Kd3 72. Ra3+ Kd2 73. Kb3 Kd3 74. Kb2+ Kd4 75. Ra4+ Ke3 76. Rb4 Bd3 77. Rb7 Rc2+ 78. Kb3 Rc1 79. Re7+ Kd2 80. Kb4 Rc4+ 81. Ka5 Kc3 82. Kb6 Rh4 83. Kc6 Bc4 84. Kc5 Rh5+ 85. Kc6 Kb4 86. Rd7 Rh6+ 87. Rd6 Rh8 88. Rg6 Ra8 89. Rg5 Ra6+ 90. Kd7 Kc3 91. Ke7 Kd4 92. Rh5 Bd3 93. Kd7 Be4 94. Ke7 Ke3 95. Rh4 Rb6 96. Kf7 Kd4 97. Rh8 Ke5 98. Re8+ Kf5 99. Ke7 Bd5 1/2-1/2

[Event "Las Tunas"]
[Site "Las Tunas"]
[Date "2002.07.28"]
[Round "2"]
[White "Tineo, Federico"]
[Black "Perez, Isael"]
[Result "1-0"]
[WhiteElo "2109"]
[BlackElo "2264"]
[PlyCount "124"]
[EventDate "2002.07.27"]
[EventType "tourn"]
[EventRounds "10"]
[EventCountry "CUB"]
[EventCategory "1"]
[SourceTitle "CBM 089 Extra"]
[Source "ChessBase"]
[SourceDate "2002.09.10"]
[SourceVersion "2"]
[SourceVersionDate "2002.09.10"]
[SourceQuality "1"]

1. e4 e5 2. Nf3 Nc6 3. Bb5 a6 4. Ba4 Nf6 5. d3 b5 6. Bb3 Bc5 7. 0-0 d6 8. c3 Bb6 9. Re1 h6 10. Nbd2 0-0 11. h3 Be6 12. Bc2 Nh7 13. Nf1 Ne7 14. d4 Ng6 15. Ng3 Nh4 16. Be3 a5 17. d5 Bd7 18. Bxb6 cxb6 19. Nh2 Qg5 20. Re3 Rac8 21. Bd3 Rc5 22. Nf3 Nxf3+ 23. Rxf3 Qd8 24. Bf1 g6 25. Qd2 Kg7 26. b4 Rc8 27. Rb1 a4 28. c4 bxc4 29. b5 Rc5 30. Rb4 Qc7 31. Rc3 Rc8 32. Qb2 Qa7 33. f4 exf4 34. Ne2 Kg8 35. Nd4 Ng5 36. Nc6 Bxc6 37. dxc6 Qe7 38. Rcxc4 Rxc4 39. Rxc4 Nxe4 40. Qd4 Nc5 41. Qxf4 d5 42. Rc2 h5 43. Qd4 Rd8 44. Re2 Qd6 45. Re3 Qc7 46. Qf6 Ne4 47. Qd4 Nc5 48. Be2 Qd6 49. Bf3 a3 50. Kh1 Kh7 51. Qxd5 Qf6 52. Qe5 Kg7 53. Qxf6+ Kxf6 54. Rxa3 Ke5 55. Ra7 f5 56. h4 Ne6 57. a4 Rd4 58. a5 Rxh4+ 59. Kg1 bxa5 60. b6 Rb4 61. b7 Kf4 62. Ra8 Rb1+ 1-0

[Event "Las Tunas"]
[Site "Las Tunas"]
[Date "2002.07.27"]
[Round "1"]
[White "Perez, Isael"]
[Black "Tineo, Federico"]
[Result "1-0"]
[WhiteElo "2264"]
[BlackElo "2109"]
[PlyCount "73"]
[EventDate "2002.07.27"]
[EventType "tourn"]
[EventRounds "10"]
[EventCountry "CUB"]
[EventCategory "1"]
[SourceTitle "CBM 089 Extra"]
[Source "ChessBase"]
[SourceDate "2002.09.10"]
[SourceVersion "2"]
[SourceVersionDate "2002.09.10"]
[SourceQuality "1"]

1. d4 Nf6 2. Nf3 g6 3. Bg5 Bg7 4. Nbd2 c5 5. e3 0-0 6. Be2 d6 7. 0-0 Nbd7 8. c3 b6 9. a4 Bb7 10. Bh4 Re8 11. Re1 h6 12. Nc4 g5 13. Bg3 Ne4 14. Nfd2 Nxg3 15. hxg3 d5 16. Na3 a6 17. Nf3 c4 18. g4 Nf6 19. Nd2 Qd7 20. e4 b5 21. e5 Nh7 22. axb5 axb5 23. Nf1 Bc6 24. Ng3 Reb8 25. Nc2 Nf8 26. Nh5 Ne6 27. Qd2 Ra4 28. Nb4 Rba8 29. Rxa4 Rxa4 30. Bd1 Ra1 31. Bc2 Rxe1+ 32. Qxe1 Nd8 33. Bf5 Qa7 34. e6 f6 35. Qb1 Bf8 36. Bh7+ Kh8 37. Qg6 1-0

[Event "Villa Clara Ajeduni op"]
[Site "Villa Clara"]
[Date "1999.??.??"]
[Round "?"]
[White "Bezanilla Sanchez, Alexis"]
[Black "Perez, Isael"]
[Result "1-0"]
[WhiteElo "2300"]
[BlackElo "2291"]
[PlyCount "129"]
[EventDate "1999.03.??"]
[EventType "swiss"]
[EventRounds "9"]
[EventCountry "CUB"]
[SourceTitle "EXT 2004"]
[Source "ChessBase"]
[SourceDate "2003.11.25"]
[SourceVersion "1"]
[SourceVersionDate "2003.11.25"]
[SourceQuality "1"]

1. d4 Nf6 2. c4 g6 3. Nc3 Bg7 4. Nf3 0-0 5. e4 d6 6. Be2 e5 7. 0-0 exd4 8. Nxd4 Na6 9. Be3 Nc5 10. f3 Re8 11. Qd2 c6 12. Nc2 Qe7 13. Rad1 Bf8 14. Rfe1 Ne6 15. Bf1 b6 16. b4 Bb7 17. b5 cxb5 18. Nxb5 Red8 19. Nb4 Qd7 20. Qb2 Ne8 21. Nd5 Bxd5 22. cxd5 Nc5 23. Nd4 Bg7 24. Bb5 Qe7 25. Qd2 Qf8 26. Nc6 Rdc8 27. Bg5 f6 28. Bh4 Nc7 29. Bc4 Kh8 30. f4 b5 31. Bf1 Nd7 32. Bf2 Nb6 33. Nxa7 Rxa7 34. Bxb6 Rb7 35. Bf2 b4 36. Rb1 Rcb8 37. Bc4 Qe8 38. Bg3 Qd8 39. Re3 Ne8 40. h4 Qc7 41. Bb3 Rc8 42. Rbe1 Bh6 43. Qe2 Ng7 44. Bh2 Nh5 45. Qf2 Bf8 46. e5 f5 47. Bd1 Ng7 48. h5 gxh5 49. Bg3 Rb5 50. Bh4 dxe5 51. fxe5 Rxd5 52. Bb3 Rc5 53. Bf6 Rc3 54. Qxf5 Rd8 55. Kh1 Rd2 56. Qe6 Rxb3 57. Qxb3 h6 58. Rg3 h4 59. Rg6 Kh7 60. Rxh6+ Kxh6 61. Qe3+ Kg6 62. Qxd2 Ne6 63. Qd3+ Kf7 64. Rf1 Qc3 65. Bxh4+ 1-0

[Event "Las Tunas provincial"]
[Site "Las Tunas"]
[Date "1999.??.??"]
[Round "?"]
[White "Perez, Isael"]
[Black "Arias Garcia, Vladimir"]
[Result "1-0"]
[WhiteElo "2291"]
[BlackElo "2155"]
[PlyCount "79"]
[EventDate "1999.??.??"]
[EventType "tourn"]
[EventRounds "9"]
[EventCountry "CUB"]
[SourceTitle "EXT 2004"]
[Source "ChessBase"]
[SourceDate "2003.11.25"]
[SourceVersion "1"]
[SourceVersionDate "2003.11.25"]
[SourceQuality "1"]

1. d4 Nf6 2. c4 e6 3. Nc3 Bb4 4. Qc2 b6 5. a3 Bxc3+ 6. Qxc3 Bb7 7. Bg5 d6 8. f3 Nbd7 9. Nh3 h6 10. Bh4 Qe7 11. Bf2 e5 12. e4 0-0 13. d5 a5 14. Be2 a4 15. 0-0 Bc8 16. Be3 Ra5 17. Nf2 Re8 18. Nd3 Nc5 19. Nxc5 dxc5 20. Rae1 Ra8 21. Bd3 Nd7 22. Kh1 Qd6 23. g3 c6 24. f4 cxd5 25. exd5 e4 26. Be2 Nf6 27. f5 Bb7 28. Rd1 Rac8 29. Bf4 Qd8 30. Qe3 Nd7 31. g4 b5 32. g5 hxg5 33. Bxg5 f6 34. Bh6 Re7 35. Rg1 g5 36. fxg6 Ne5 37. Bf4 Nxc4 38. Qh3 Rg7 39. Qe6+ Kh8 40. Rg3 1-0

[Event "CUB-ch sf"]
[Site "Las Tunas"]
[Date "1996.12.18"]
[Round "9"]
[White "Moreno, Alejandro"]
[Black "Perez, Isael"]
[Result "1-0"]
[WhiteElo "2400"]
[BlackElo "2190"]
[PlyCount "103"]
[EventDate "1996.12.09"]
[EventType "tourn"]
[EventRounds "11"]
[EventCountry "CUB"]
[EventCategory "2"]
[SourceTitle "EXT 2023"]
[Source "ChessBase"]
[SourceDate "2022.10.05"]
[SourceVersion "1"]
[SourceVersionDate "2022.10.05"]
[SourceQuality "1"]

1. d4 Nf6 2. c4 g6 3. Nc3 Bg7 4. e4 0-0 5. Be3 d6 6. f3 b6 7. Bd3 Nbd7 8. Nge2 c5 9. 0-0 cxd4 10. Nxd4 Bb7 11. Qd2 Nc5 12. Be2 Rc8 13. b3 Re8 14. Rfd1 h5 15. Rac1 Qd7 16. Bf1 Red8 17. Qf2 Nh7 18. a4 Bc6 19. a5 Qb7 20. axb6 axb6 21. Nxc6 Rxc6 22. Nd5 Rb8 23. h3 Bf8 24. b4 Nd7 25. b5 Rcc8 26. Nb4 Nc5 27. Nc6 Ra8 28. e5 Ra3 29. exd6 exd6 30. Bf4 Qd7 31. Ra1 Rca8 32. Rxa3 Rxa3 33. Qb2 Ra8 34. Qd2 Nf6 35. Qd4 Ne8 36. Bh2 Ra2 37. Kh1 Ng7 38. Nb4 Nf5 39. Qc3 Bg7 40. Qe1 Ra3 41. Nd5 Qd8 42. g4 Nd4 43. Ne7+ Kh7 44. Nc6 Qh8 45. Nxd4 Bxd4 46. Qe7 hxg4 47. Qxf7+ Bg7 48. Rxd6 Qf8 49. Qxg6+ Kg8 50. Be5 Rxf3 51. Bg2 Rxh3+ 52. Bxh3 1-0

[Event "CUB-ch sf"]
[Site "Las Tunas"]
[Date "1996.12.12"]
[Round "4"]
[White "Perez, Isael"]
[Black "Leyva Proenza, Ricardo"]
[Result "0-1"]
[WhiteElo "2190"]
[BlackElo "2370"]
[PlyCount "52"]
[EventDate "1996.12.09"]
[EventType "tourn"]
[EventRounds "11"]
[EventCountry "CUB"]
[EventCategory "2"]
[SourceTitle "EXT 2023"]
[Source "ChessBase"]
[SourceDate "2022.10.05"]
[SourceVersion "1"]
[SourceVersionDate "2022.10.05"]
[SourceQuality "1"]

1. d4 Nf6 2. c4 g6 3. Nc3 Bg7 4. Nf3 0-0 5. g3 c6 6. Bg2 d5 7. 0-0 dxc4 8. a4 a5 9. e3 Nfd7 10. Qe2 e5 11. Rd1 exd4 12. exd4 Nb6 13. Bg5 f6 14. Be3 Re8 15. d5 Nxd5 16. Qxc4 Be6 17. Qh4 Na6 18. Ne4 g5 19. Nfxg5 fxg5 20. Bxg5 Qc7 21. Rxd5 Bxd5 22. Nf6+ Bxf6 23. Bxf6 Qf7 24. Bc3 Qg6 25. Rd1 Bxg2 26. Rd7 Bf3 0-1

[Event "CUB-ch"]
[Site "Colon"]
[Date "1993.??.??"]
[Round "5"]
[White "Perez, Isael"]
[Black "Armas Gutierrez, Jorge Enrique"]
[Result "0-1"]
[WhiteElo "2250"]
[BlackElo "2455"]
[PlyCount "82"]
[EventDate "1993.10.??"]
[EventType "swiss"]
[EventRounds "11"]
[EventCountry "CUB"]
[SourceTitle "TD"]
[Source "ChessBase"]
[SourceDate "1994.03.01"]
[SourceVersion "1"]
[SourceVersionDate "1994.03.01"]
[SourceQuality "1"]

1. d4 Nf6 2. Bg5 e6 3. Nf3 h6 4. Bxf6 Qxf6 5. e4 d6 6. Nc3 Nd7 7. Qd2 a6 8. 0-0-0 Qd8 9. Kb1 b5 10. h4 Bb7 11. Qe3 Rc8 12. g4 b4 13. Ne2 Nb6 14. d5 exd5 15. exd5+ Be7 16. Nf4 Nc4 17. Qa7 Rb8 18. Re1 0-0 19. Rg1 Ne5 20. Qd4 Bf6 21. Nh5 Kh8 22. Qe4 Re8 23. Re3 Ng6 24. Qc4 Rxe3 25. fxe3 Ne5 26. Qe4 Nxf3 27. Qxf3 Qe7 28. Bd3 Be5 29. Qe4 g6 30. Nf4 Bf6 31. Qxb4 Qxe3 32. Re1 Qb6 33. Qa3 Qd4 34. Rf1 Bxd5 35. c3 Qe3 36. Qxa6 Bxc3 37. b3 Bxb3 38. axb3 Rxb3+ 39. Ka2 Rb2+ 40. Ka3 Qc5+ 41. Ka4 Qb4# 0-1

[Event "CUB-ch"]
[Site "Colon"]
[Date "1993.??.??"]
[Round "10"]
[White "Perez, Isael"]
[Black "Valdes, Luis Enrique"]
[Result "1/2-1/2"]
[WhiteElo "2250"]
[BlackElo "2315"]
[PlyCount "23"]
[EventDate "1993.10.??"]
[EventType "swiss"]
[EventRounds "11"]
[EventCountry "CUB"]
[SourceTitle "TD"]
[Source "ChessBase"]
[SourceDate "1994.03.01"]
[SourceVersion "1"]
[SourceVersionDate "1994.03.01"]
[SourceQuality "1"]

1. e4 e6 2. d4 d5 3. Nd2 dxe4 4. Nxe4 Bd7 5. Nf3 Bc6 6. Bd3 Bxe4 7. Bxe4 c6 8. 0-0 Nf6 9. Bg5 Be7 10. Bd3 Nbd7 11. Bxf6 Bxf6 12. Re1 1/2-1/2